Click the European Country Code - Statistics

General Stats
  • This quiz has been taken 2,325 times
  • The average score is 33 of 45
Answer Stats
Hint Answer % Correct
Albania AL
87%
Italy IT
87%
Poland PL
87%
Andorra AD
86%
France FR
86%
Norway NO
86%
Romania RO
86%
Vatican City VA
86%
Czech Republic CZ
85%
Finland FI
85%
Luxembourg LU
85%
Netherlands NL
85%
San Marino SM
85%
Austria AT
84%
Greece GR
84%
Moldova MD
84%
Malta MT
83%
Slovakia SK
83%
Bulgaria BG
82%
Hungary HU
82%
Ireland IE
82%
Portugal PT
82%
Belgium BE
80%
Monaco MC
80%
Sweden SE
80%
Ukraine UA
80%
Spain ES
77%
United Kingdom GB
76%
Liechtenstein LI
76%
Germany DE
75%
Denmark DK
75%
Iceland IS
75%
Russia RU
75%
Slovenia SI
72%
Kosovo XK
72%
Lithuania LT
61%
Estonia EE
57%
Latvia LV
55%
Croatia HR
53%
Switzerland CH
51%
Montenegro ME
51%
Bosnia and Herzegovina BA
50%
North Macedonia MK
40%
Belarus BY
33%
Serbia RS
33%
No matching quizzes found
Score Distribution
Percent of People with Each Score
Percentile by Number Answered
Your Score History
You have not taken this quiz